Central Library OPAC University of Rajshahi

The opposing self : (Record no. 20817)

MARC details
000 -LEADER
fixed length control field 00904nam a2200289 a 4500
001 - CONTROL NUMBER
control field 20817
003 - CONTROL NUMBER IDENTIFIER
rucl marc code BD-RjUL
005 - DATE AND TIME OF LATEST TRANSACTION
control field 20211209000621.0
008 - FIXED-LENGTH DATA ELEMENTS--GENERAL INFORMATION
fixed length control field 140302r19801955enk 000 0 eng d
020 ## - INTERNATIONAL STANDARD BOOK NUMBER
International Standard Book Number 0192122169
035 ## - SYSTEM CONTROL NUMBER
System control number (BD-RjUL)20879
040 ## - CATALOGING SOURCE
Original cataloging agency BD-RjUL
Language of cataloging eng
Transcribing agency BD-RjUL
Modifying agency BD-RjUL
041 ## - LANGUAGE CODE
Language code of text/sound track or separate title eng
082 ## - DEWEY DECIMAL CLASSIFICATION NUMBER
Edition number 820.9
Author mark and year TRO 1980
100 1# - MAIN ENTRY--PERSONAL NAME
Personal name Trilling, Lionel,
Dates associated with a name 1905-1975.
9 (RLIN) 54870
245 14 - TITLE STATEMENT
Title The opposing self :
Remainder of title nine essays in criticism /
Statement of responsibility, etc. Lionel Trilling.
250 ## - EDITION STATEMENT
Edition statement Uniform ed.
260 ## - PUBLICATION, DISTRIBUTION, ETC. (IMPRINT)
Place of publication, distribution, etc. Oxford :
Name of publisher, distributor, etc. Oxford University Press,
Date of publication, distribution, etc. 1980.
300 ## - PHYSICAL DESCRIPTION
Pagination 204 p. ;
Size 21 cm.
490 1# - SERIES STATEMENT
Series statement Works of Lionel Trilling
500 ## - GENERAL NOTE
General note First published in 1955 by Secker & Warburg.
600 10 - SUBJECT ADDED ENTRY--PERSONAL NAME
Personal name Flaubert, Gustave,
Dates associated with a name 1821-1880.
650 #0 - SUBJECT ADDED ENTRY--TOPICAL TERM
Topical term or geographic name as entry element Literature, Modern.
9 (RLIN) 64300
Topical term or geographic name as entry element Self in literature.
9 (RLIN) 51846
830 #0 - SERIES ADDED ENTRY--UNIFORM TITLE
Uniform title Works of Lionel Trilling
942 ## - ADDED ENTRY ELEMENTS (KOHA)
Source of classification or shelving scheme Dewey Decimal Classification
Koha item type Books
Holdings
Lost status Source of classification or shelving scheme Damaged status Not for loan Collection code Permanent Location Current Location Shelving location Date acquired Source of acquisition Cost, normal purchase price Total Checkouts Full call number Date last seen Copy number Koha item type
  Dewey Decimal Classification   Added to bundle Fiction Central Library, University of Rajshahi Central Library, University of Rajshahi Reading Room 03/08/1982 Heffers 6.95   820.9 TRO 1980 02/03/2014 C-1 Books